Stadtbezirke und Stadtteile Fuldas - Statistiken

Allgemein
  • Dieses Quiz wurde 62 mal gespielt
  • Das Durchschnittsergebnis liegt bei 12 aus 35
Antwortstatistiken
Hint Antwort % Korrekt
8.664 Aschenberg
74%
6.529 Innenstadt
63%
1.308 Horas
63%
2.246 Haimbach
58%
3.947 Westend (mit Neuenberg und Münsterfeld)
51%
1.412 Bronzell (mit Ziegel)
49%
1.653 Niesig
49%
1.074 Sickels
47%
1.727 Maberzell (mit Trätzhof)
44%
1.611 Lehnerz
44%
1.144 Gläßerzell
42%
814 Johannesberg
40%
4.247 Nordend
40%
4.685 Südend
40%
2.313 Edelzell
37%
1.139 Kohlhaus
37%
1.311 Fulda-Galerie
35%
841 Kämmerzell
33%
525 Oberrode
33%
4.352 Ostend
33%
2.580 Frauenberg
28%
350 Mittelrode
28%
221 Lüdermünd
26%
270 Zell
26%
2.059 Ziehers Nord
23%
408 Istergiesel (mit Niederröder Höhe)
23%
266 Niederrode
23%
3.703 Ziehers Süd
23%
183 Malkes
19%
475 Zirkenbach
16%
115 Besges
14%
1.064 Harmerz
12%
157 Rodges
12%
717 Dietershahn
9%
523 Bernhards
7%
Keine übereinstimmenden Quizze gefunden
Verteilung der Resultate
Anzahl Personen mit jedem Resultat
Perzentil nach korrekt beantworteten Fragen
Ihre Resultats-Entwicklung
Sie haben dieses Quiz noch nicht gespielt